Vector mechanics for engineers (Record no. 4856)

000 -LEADER
fixed length control field 00594nam a2200217 a 4500
001 - CONTROL NUMBER
control field 4856
003 - CONTROL NUMBER IDENTIFIER
control field BD-DhUET
008 - FIXED-LENGTH DATA ELEMENTS--GENERAL INFORMATION
fixed length control field 840307s1984 nyua 001 0 eng
020 ## - INTERNATIONAL STANDARD BOOK NUMBER
International Standard Book Number 0070044384
040 ## - CATALOGING SOURCE
Original cataloging agency DLC
Transcribing agency DLC
Modifying agency BD-DhUET
082 00 - DEWEY DECIMAL CLASSIFICATION NUMBER
Classification number 620.1
Item number BEE/1984
100 ## - MAIN ENTRY--PERSONAL NAME
Personal name Beer, Ferdinand P.
245 10 - TITLE STATEMENT
Title Vector mechanics for engineers
Remainder of title statics and dynamics
250 ## - EDITION STATEMENT
Edition statement 4th ed.
260 ## - PUBLICATION, DISTRIBUTION, ETC. (IMPRINT)
Place of publication, distribution, etc. New York
Name of publisher, distributor, etc. McGraw-Hill
Date of publication, distribution, etc. 1984
300 ## - PHYSICAL DESCRIPTION
Extent xxi, 926 p.
Other physical details ill.
Dimensions 24 cm.
504 ## - BIBLIOGRAPHY, ETC. NOTE
Bibliography, etc Includes bibliographies
650 #0 - SUBJECT ADDED ENTRY--TOPICAL TERM
Topical term or geographic name as entry element Engineering instruments
700 1# - ADDED ENTRY--PERSONAL NAME
Personal name Johnston, E. Russell
942 ## - ADDED ENTRY ELEMENTS (KOHA)
Koha item type General Book
Holdings
Withdrawn status Location (home branch) Shelving location Date acquired Not for loan Sublocation or collection (holding branch) Source of classification or shelving scheme Koha full call number Price effective from Koha date last borrowed Koha date last seen Piece designation (barcode) Koha issues (times borrowed) Koha normalized classification for sorting Lost status Koha item type Damaged status Copy number
 Central Library, BUETCirculation section2014-11-23 Central Library, BUET 620.1/BEE/19842014-11-23 2015-12-0866051 620_100000000000000_BEE_1984 General Book 1
 Central Library, BUETCirculation section2014-11-24 Central Library, BUET 620.1/BEE/19842014-11-242022-06-122022-06-20660422620_000000000000000_1BEE1984 General Book 1
 Central Library, BUETCirculation section2014-11-29 Central Library, BUET 620.1/BEE/19842014-11-292023-01-102023-06-07660864620_100000000000000_BEE_1984 General Book 1
 Central Library, BUETCirculation section2014-12-11 Central Library, BUET 620.1 /BEE/19842014-12-112025-04-302025-05-28660441620_100000000000000_BEE_1984 General Book 49
 Central Library, BUETCirculation section2014-12-11 Central Library, BUET 620.1/BEE/19842014-12-11 2015-02-2366012 620_100000000000000_BEE_1984 General Book 1
 Central Library, BUETCirculation section2015-01-19 Central Library, BUET 620.1/BEE/19842015-01-19 2015-12-2266043 620_100000000000000_BEE_1984 General Book 6
 Central Library, BUETCirculation section2015-02-16 Central Library, BUET 620.1/BEE/19842015-02-162022-11-212022-12-13813361620_100000000000000_BEE_1984 General Book 7
 Central Library, BUETCirculation section2015-04-01 Central Library, BUET 620.1/BEE/19842015-04-012018-04-182018-04-30660481620_100000000000000_BEE_1984 General Book 1
 Central Library, BUETReading section2015-06-21 Central Library, BUET 620.1/BEE/19842015-06-21 2015-06-2166015 620_100000000000000_BEE_1984 Reading Item 9
 Central Library, BUETReading section2015-06-22 Central Library, BUET 620.1/BEE/19842015-06-22 2015-06-2266014 620_100000000000000_BEE_1984 General Book 10
 Central Library, BUETReading section2015-06-22 Central Library, BUET 620.1/BEE/19842015-06-22 2015-06-2266013 620_100000000000000_BEE_1984 General Book 11
 Central Library, BUETReading section2015-06-29 Central Library, BUET 620.01/BEE/19842015-06-29 2015-06-2966095 620_010000000000000_BEE_1984 Reading Item 12
 Central Library, BUETCirculation section2015-07-28 Central Library, BUET 620.1/BEE/19842015-07-28 2015-07-2875502 620_100000000000000_BEE_1984 General Book 13